[Event "English Schools Championship Final 2024"]
[Site "Nottingham University Kings Meadow Campus, United Kingdom"]
[Date "2024.06.28"]
[Round "4.45"]
[White "Karim, Taha"]
[Black "Moore, Ryan"]
[Result "0-1"]
[TimeControl "G50' + 10\" per move."]
[BlackFideId "343415350"]
[WhiteElo "1692"]
[BlackElo "1553"]

1. b3 {[%clk 00:50:18]} {[%emt 00:00:01]} Nf6 {[%clk 00:49:33]} {[%emt
00:00:47]} 2. Bb2 {[%clk 00:50:23]} {[%emt 00:00:05]} d5 {[%clk 00:49:25]}
{[%emt 00:00:19]} 3. Nf3 {[%clk 00:50:08]} {[%emt 00:00:26]} Bf5 {[%clk
00:48:31]} {[%emt 00:01:03]} 4. g3 {[%clk 00:49:45]} {[%emt 00:00:33]} Nbd7
{[%clk 00:48:12]} {[%emt 00:00:29]} 5. Bg2 {[%clk 00:49:44]} {[%emt 00:00:11]}
e6 {[%clk 00:47:33]} {[%emt 00:00:49]} 6. O-O {[%clk 00:49:46]} {[%emt
00:00:08]} Bd6 {[%clk 00:46:47]} {[%emt 00:00:35]} 7. d3 {[%clk 00:49:55]} h6
{[%clk 00:46:00]} {[%emt 00:01:20]} 8. Nbd2 {[%clk 00:49:57]} {[%emt 00:00:07]}
Bh7 {[%clk 00:45:23]} {[%emt 00:00:46]} 9. Re1 {[%clk 00:49:52]} {[%emt
00:00:15]} O-O {[%clk 00:45:04]} {[%emt 00:00:30]} 10. e4 {[%clk 00:49:53]}
{[%emt 00:00:09]} dxe4 {[%clk 00:44:19]} {[%emt 00:00:55]} 11. dxe4 {[%clk
00:49:46]} {[%emt 00:00:16]} Bc5 {[%clk 00:42:27]} {[%emt 00:02:02]} 12. h3
{[%clk 00:46:33]} {[%emt 00:03:24]} Nb6 {[%clk 00:40:44]} {[%emt 00:01:53]} 13.
a4 {[%clk 00:44:38]} {[%emt 00:02:05]} Qe7 {[%clk 00:39:03]} {[%emt 00:01:51]}
14. a5 {[%clk 00:43:29]} {[%emt 00:01:19]} Nbd7 {[%clk 00:38:33]} {[%emt
00:00:39]} 15. Ne5 {[%clk 00:42:01]} {[%emt 00:01:38]} Nxe5 {[%clk 00:37:50]}
{[%emt 00:00:54]} 16. Bxe5 {[%clk 00:42:09]} {[%emt 00:00:02]} Rfd8 {[%clk
00:37:06]} {[%emt 00:00:54]} 17. Qe2 {[%clk 00:41:47]} {[%emt 00:00:32]} Rd7
{[%clk 00:35:22]} {[%emt 00:01:53]} 18. c3 {[%clk 00:40:42]} {[%emt 00:01:15]}
a6 {[%clk 00:34:31]} {[%emt 00:01:02]} 19. b4 {[%clk 00:40:03]} {[%emt
00:00:49]} Ba7 {[%clk 00:34:36]} {[%emt 00:00:05]} 20. Nb3 {[%clk 00:37:59]}
{[%emt 00:02:13]} Rad8 {[%clk 00:33:06]} {[%emt 00:01:41]} 21. b5 {[%clk
00:37:32]} {[%emt 00:00:37]} axb5 {[%clk 00:31:23]} {[%emt 00:01:53]} 22. Qxb5
{[%clk 00:37:20]} {[%emt 00:00:22]} c6 {[%clk 00:30:41]} {[%emt 00:00:52]} 23.
Qc4 {[%clk 00:36:40]} {[%emt 00:00:50]} Nh5 {[%clk 00:29:13]} {[%emt 00:01:37]}
24. a6 {[%clk 00:36:04]} {[%emt 00:00:47]} Qg5 {[%clk 00:25:28]} {[%emt
00:03:55]} 25. Bd4 {[%clk 00:35:18]} {[%emt 00:00:55]} Bxd4 {[%clk 00:24:52]}
26. cxd4 {[%clk 00:35:03]} {[%emt 00:01:12]} bxa6 {[%clk 00:24:29]} {[%emt
00:00:33]} 27. Rxa6 {[%clk 00:33:54]} {[%emt 00:01:19]} e5 {[%clk 00:22:23]}
{[%emt 00:02:16]} 28. dxe5 {[%clk 00:31:54]} {[%emt 00:02:09]} Qxe5 {[%clk
00:22:28]} {[%emt 00:00:06]} 29. Rxc6 {[%clk 00:31:37]} {[%emt 00:00:27]} Nf6
{[%clk 00:21:27]} {[%emt 00:01:10]} 30. f4 {[%clk 00:30:04]} {[%emt 00:01:43]}
Qb2 {[%clk 00:20:46]} {[%emt 00:00:51]} 31. Re2 {[%clk 00:29:28]} {[%emt
00:00:46]} Qb1+ {[%clk 00:20:06]} {[%emt 00:00:51]} 32. Kh2 {[%clk 00:29:24]}
{[%emt 00:00:14]} Qd1 {[%clk 00:17:03]} {[%emt 00:03:13]} 33. Qc2 {[%clk
00:27:52]} {[%emt 00:01:41]} h5 {[%clk 00:15:57]} {[%emt 00:01:17]} 34. Qxd1
{[%clk 00:27:40]} {[%emt 00:00:22]} Rxd1 {[%clk 00:16:04]} {[%emt 00:00:04]} 35.
e5 {[%clk 00:26:32]} {[%emt 00:01:17]} Nd5 {[%clk 00:14:37]} {[%emt 00:01:37]}
36. Bxd5 {[%clk 00:21:35]} {[%emt 00:05:07]} R1xd5 {[%emt 00:00:10]} 37. e6
{[%clk 00:20:04]} {[%emt 00:01:32]} Bd3 {[%clk 00:13:04]} {[%emt 00:01:53]} 38.
exf7+ {[%clk 00:19:30]} {[%emt 00:00:44]} Kxf7 {[%clk 00:12:28]} {[%emt
00:00:45]} 39. Rd2 {[%clk 00:18:22]} {[%emt 00:01:17]} Rb8 {[%clk 00:10:24]}
{[%emt 00:02:15]} 40. Nc5 {[%clk 00:17:44]} {[%emt 00:00:47]} Bc4 {[%clk
00:09:39]} {[%emt 00:00:56]} 41. Rc7+ {[%clk 00:17:43]} {[%emt 00:00:11]} Kg6
{[%clk 00:09:22]} {[%emt 00:00:27]} 42. Rf2 {[%clk 00:16:46]} {[%emt 00:01:06]}
Rd1 {[%clk 00:08:42]} {[%emt 00:00:52]} 43. f5+ {[%clk 00:16:29]} {[%emt
00:00:26]} Kh6 {[%clk 00:08:30]} {[%emt 00:00:22]} 44. Nd7 {[%clk 00:15:09]}
{[%emt 00:01:29]} Bd5 {[%clk 00:08:13]} {[%emt 00:00:27]} 45. g4 {[%clk
00:14:15]} {[%emt 00:01:05]} h4 {[%clk 00:08:02]} {[%emt 00:00:21]} 46. g5+
{[%clk 00:03:04]} {[%emt 00:11:20]} Kh5 {[%clk 00:07:35]} {[%emt 00:00:37]} 47.
Nf6+ {[%clk 00:02:20]} {[%emt 00:00:55]} gxf6 {[%clk 00:07:43]} {[%emt
00:00:02]} 48. Rh7+ {[%clk 00:02:07]} {[%emt 00:00:23]} Kxg5 {[%clk 00:07:36]}
{[%emt 00:00:17]} 49. Rg7+ {[%clk 00:01:52]} {[%emt 00:00:25]} Kh6 {[%clk
00:07:12]} {[%emt 00:00:33]} 50. Rfg2 {[%clk 00:01:03]} {[%emt 00:00:59]} Bxg2
{[%clk 00:06:59]} {[%emt 00:00:23]} 51. Rxg2 {[%clk 00:00:31]} {[%emt
00:00:03]} Rbb1 {[%clk 00:06:46]} {[%emt 00:01:02]} 52. Rg6+ {[%clk 00:00:36]}
{[%emt 00:00:05]} Kh5 {[%clk 00:06:15]} {[%emt 00:00:41]} 53. Rxf6 {[%clk
00:00:44]} {[%emt 00:00:03]} 0-1

[Event "English Schools Championship Final 2024"]
[Site "Nottingham University Kings Meadow Campus, United Kingdom"]
[Date "2024.06.28"]
[Round "4.46"]
[White "Amir, Zain"]
[Black "Skaria, Joel"]
[Result "1/2-1/2"]
[TimeControl "G50' + 10\" per move."]
[WhiteFideId "473227"]
[WhiteElo "1649"]
[BlackElo "1596"]

1. d4 {[%clk 00:50:17]} {[%emt 00:59:34]} d5 {[%clk 00:50:18]} {[%emt
00:00:02]} 2. Bf4 {[%clk 00:50:23]} {[%emt 00:00:05]} Nf6 {[%clk 00:50:21]}
{[%emt 00:00:06]} 3. e3 {[%clk 00:50:29]} {[%emt 00:00:04]} c5 {[%clk
00:50:17]} {[%emt 00:00:14]} 4. Nf3 {[%clk 00:49:56]} {[%emt 00:00:42]} Nc6
{[%clk 00:50:22]} {[%emt 00:00:05]} 5. c3 {[%clk 00:49:57]} {[%emt 00:00:10]}
Bg4 {[%clk 00:49:54]} {[%emt 00:00:38]} 6. Nbd2 {[%clk 00:48:42]} {[%emt
00:01:25]} e6 {[%clk 00:49:42]} {[%emt 00:00:22]} 7. Bd3 {[%clk 00:48:20]}
{[%emt 00:00:32]} Bd6 {[%clk 00:48:05]} {[%emt 00:01:47]} 8. Bxd6 {[%clk
00:47:54]} {[%emt 00:00:36]} Qxd6 {[%clk 00:48:10]} {[%emt 00:00:05]} 9. O-O
{[%clk 00:47:24]} {[%emt 00:00:40]} O-O {[%clk 00:47:19]} {[%emt 00:01:00]} 10.
Qb1 {[%clk 00:44:44]} {[%emt 00:02:52]} Rac8 {[%clk 00:44:30]} {[%emt
00:02:58]} 11. e4 {[%clk 00:43:27]} {[%emt 00:01:27]} dxe4 {[%clk 00:42:45]}
{[%emt 00:01:55]} 12. Nxe4 {[%clk 00:43:31]} {[%emt 00:00:07]} Nxe4 {[%clk
00:41:42]} {[%emt 00:01:13]} 13. Bxe4 {[%clk 00:43:36]} {[%emt 00:00:05]} f5
{[%clk 00:38:32]} {[%emt 00:03:20]} 14. Bxc6 {[%clk 00:42:32]} {[%emt
00:01:13]} Rxc6 {[%clk 00:35:53]} {[%emt 00:02:49]} 15. Ne5 {[%clk 00:41:55]}
{[%emt 00:00:48]} Rc7 {[%clk 00:35:26]} {[%emt 00:00:36]} 16. Nxg4 {[%clk
00:39:22]} {[%emt 00:02:43]} fxg4 {[%clk 00:35:30]} {[%emt 00:00:06]} 17. dxc5
{[%clk 00:38:47]} {[%emt 00:00:44]} Qxc5 {[%clk 00:34:41]} {[%emt 00:00:59]} 18.
Qe4 {[%clk 00:38:03]} {[%emt 00:00:54]} Qf5 {[%clk 00:33:04]} {[%emt 00:01:48]}
19. Rae1 {[%clk 00:37:16]} {[%emt 00:00:57]} Rd8 {[%clk 00:29:20]} {[%emt
00:03:53]} 20. Qxe6+ {[%clk 00:36:39]} {[%emt 00:00:48]} Qxe6 {[%clk 00:29:27]}
{[%emt 00:00:03]} 21. Rxe6 {[%clk 00:36:41]} {[%emt 00:00:08]} Rd2 {[%clk
00:29:13]} {[%emt 00:00:23]} 22. Rb1 {[%clk 00:35:47]} {[%emt 00:01:04]} Rcd7
{[%clk 00:28:27]} {[%emt 00:00:57]} 23. Kf1 {[%clk 00:35:14]} {[%emt 00:00:43]}
Kf7 {[%clk 00:26:41]} {[%emt 00:01:56]} 24. Re4 {[%clk 00:34:13]} {[%emt
00:01:09]} h5 {[%clk 00:26:19]} {[%emt 00:00:34]} 25. Ke1 {[%clk 00:32:48]}
{[%emt 00:01:35]} Kf6 {[%clk 00:24:49]} {[%emt 00:01:41]} 26. Re2 {[%clk
00:30:17]} {[%emt 00:02:37]} R2d3 {[%clk 00:22:18]} {[%emt 00:02:44]} 27. a4
{[%clk 00:29:07]} {[%emt 00:01:20]} g6 {[%clk 00:21:25]} {[%emt 00:01:04]} 28.
Rc1 {[%clk 00:25:59]} {[%emt 00:03:18]} Kf5 {[%clk 00:21:25]} {[%emt 00:00:09]}
29. b4 {[%clk 00:25:05]} {[%emt 00:01:04]} Kf6 {[%clk 00:18:41]} {[%emt
00:02:55]} 30. a5 {[%clk 00:23:18]} {[%emt 00:01:56]} a6 {[%clk 00:18:06]}
{[%emt 00:00:45]} 31. Rb2 {[%clk 00:22:44]} {[%emt 00:00:44]} Rc7 {[%clk
00:15:18]} {[%emt 00:02:58]} 32. c4 {[%clk 00:22:06]} {[%emt 00:00:47]} Ke5
{[%clk 00:13:58]} {[%emt 00:01:31]} 33. Ke2 {[%clk 00:20:45]} {[%emt 00:01:31]}
Kd4 {[%clk 00:12:56]} {[%emt 00:01:12]} 34. b5 {[%clk 00:20:21]} {[%emt
00:00:34]} Ra3 {[%clk 00:09:16]} {[%emt 00:03:50]} 35. Rd2+ {[%clk 00:17:47]}
{[%emt 00:02:44]} Kc5 {[%clk 00:07:52]} {[%emt 00:01:34]} 36. b6 {[%clk
00:08:34]} {[%emt 00:09:23]} Re7+ {[%clk 00:07:00]} {[%emt 00:01:02]} 37. Kf1
{[%clk 00:08:31]} {[%emt 00:00:13]} Ra4 {[%clk 00:05:48]} {[%emt 00:01:22]} 38.
Rd5+ {[%clk 00:06:35]} {[%emt 00:02:07]} Kb4 {[%clk 00:05:49]} {[%emt
00:00:08]} 39. f3 {[%clk 00:06:19]} {[%emt 00:00:26]} Ra2 {[%clk 00:04:20]}
{[%emt 00:01:39]} 40. fxg4 {[%clk 00:05:40]} {[%emt 00:00:50]} Ree2 {[%clk
00:02:51]} {[%emt 00:01:39]} 41. Rd7 {[%clk 00:05:06]} {[%emt 00:00:44]}
1/2-1/2

[Event "English Schools Championship Final 2024"]
[Site "Nottingham University Kings Meadow Campus, United Kingdom"]
[Date "2024.06.28"]
[Round "4.47"]
[White "Alexander, Ryan"]
[Black "Goyal, Krish"]
[Result "0-1"]
[TimeControl "G50' + 10\" per move."]
[WhiteFideId "474517"]
[BlackFideId "14320274"]
[WhiteElo "1371"]
[BlackElo "1623"]

1. b3 {[%clk 00:50:19]} {[%emt 00:00:01]} d5 {[%clk 00:50:06]} {[%emt
00:00:14]} 2. Bb2 {[%clk 00:50:25]} {[%emt 00:00:04]} Bf5 {[%clk 00:49:56]}
{[%emt 00:00:20]} 3. e3 {[%clk 00:50:05]} {[%emt 00:00:31]} Nc6 {[%clk
00:49:48]} {[%emt 00:00:18]} 4. c4 {[%clk 00:50:08]} {[%emt 00:00:06]} Nb4
{[%clk 00:49:00]} {[%emt 00:00:58]} 5. d3 {[%clk 00:49:33]} {[%emt 00:00:45]}
dxc4 {[%clk 00:48:57]} {[%emt 00:00:13]} 6. e4 {[%clk 00:48:42]} {[%emt
00:01:01]} Bg6 {[%clk 00:45:53]} {[%emt 00:03:13]} 7. bxc4 {[%clk 00:48:21]}
{[%emt 00:00:32]} e6 {[%clk 00:43:30]} {[%emt 00:02:33]} 8. Qb3 {[%clk
00:47:00]} {[%emt 00:01:31]} b6 {[%clk 00:39:18]} {[%emt 00:04:22]} 9. a3
{[%clk 00:43:26]} {[%emt 00:03:44]} Nc6 {[%clk 00:38:53]} {[%emt 00:00:35]} 10.
Nf3 {[%clk 00:42:18]} {[%emt 00:01:18]} Nf6 {[%clk 00:34:57]} {[%emt 00:04:06]}
11. Qa4 {[%clk 00:40:24]} {[%emt 00:02:05]} Qd7 {[%clk 00:34:00]} {[%emt
00:01:06]} 12. Nd4 {[%clk 00:38:34]} {[%emt 00:02:00]} Nxd4 {[%clk 00:32:38]}
{[%emt 00:01:32]} 13. Qxd7+ {[%clk 00:38:37]} {[%emt 00:00:07]} Nxd7 {[%clk
00:32:41]} {[%emt 00:00:07]} 14. Bxd4 {[%clk 00:38:44]} {[%emt 00:00:03]} O-O-O
{[%clk 00:31:54]} {[%emt 00:00:58]} 15. Be2 {[%clk 00:38:21]} {[%emt 00:00:33]}
e5 {[%clk 00:30:27]} {[%emt 00:01:36]} 16. Bc3 {[%clk 00:37:41]} {[%emt
00:00:50]} Nc5 {[%clk 00:29:27]} {[%emt 00:01:06]} 17. Bg4+ {[%clk 00:32:07]}
{[%emt 00:05:48]} Kb8 {[%clk 00:28:08]} {[%emt 00:01:30]} 18. O-O {[%clk
00:30:46]} {[%emt 00:01:31]} Nxd3 {[%clk 00:24:24]} {[%emt 00:03:53]} 19. Bf3
{[%clk 00:30:01]} {[%emt 00:00:55]} f6 {[%clk 00:23:56]} {[%emt 00:00:39]} 20.
Rd1 {[%clk 00:28:18]} {[%emt 00:01:52]} Bc5 {[%clk 00:23:27]} {[%emt 00:00:39]}
21. Ra2 {[%clk 00:25:35]} {[%emt 00:02:53]} Nxf2 {[%clk 00:17:16]} {[%emt
00:06:21]} 22. Rxf2 {[%clk 00:25:16]} {[%emt 00:00:29]} Bxe4 {[%clk 00:15:10]}
{[%emt 00:02:16]} 23. Rxd8+ {[%clk 00:24:09]} {[%emt 00:01:17]} Rxd8 {[%clk
00:15:17]} {[%emt 00:00:03]} 24. Nd2 {[%clk 00:24:10]} {[%emt 00:00:09]} Bxf3
{[%clk 00:12:28]} {[%emt 00:03:00]} 25. Nxf3 {[%clk 00:22:29]} {[%emt
00:01:50]} Rd1+ {[%clk 00:10:54]} {[%emt 00:01:42]} 26. Ne1 {[%clk 00:21:17]}
{[%emt 00:01:23]} Bd4 {[%clk 00:10:40]} {[%emt 00:00:25]} 27. Kf1 {[%clk
00:14:22]} {[%emt 00:07:05]} Bxc3 {[%clk 00:10:31]} {[%emt 00:00:19]} 28. Ke2
{[%clk 00:13:03]} {[%emt 00:01:29]} Rxe1+ {[%clk 00:09:59]} {[%emt 00:00:42]}
29. Kd3 {[%clk 00:13:01]} {[%emt 00:00:12]} Bd4 {[%emt 00:00:56]} 30. Rd2
{[%clk 00:12:28]} {[%emt 00:00:02]} Re3+ {[%clk 00:09:37]} {[%emt 00:00:26]} 31.
Kc2 {[%clk 00:11:54]} {[%emt 00:00:45]} Rxa3 {[%clk 00:09:40]} {[%emt
00:00:07]} 32. Rd1 {[%clk 00:11:38]} {[%emt 00:00:25]} Rc3+ {[%clk 00:09:05]}
{[%emt 00:00:45]} 33. Kd2 {[%clk 00:11:11]} {[%emt 00:00:38]} Rxc4 {[%clk
00:09:11]} {[%emt 00:00:04]} 34. Kd3 {[%clk 00:11:16]} {[%emt 00:00:05]} Rc3+
{[%clk 00:09:09]} {[%emt 00:00:11]} 35. Ke4 {[%clk 00:11:21]} {[%emt 00:00:06]}
a5 {[%clk 00:09:11]} {[%emt 00:00:09]} 36. Kd5 {[%clk 00:11:10]} {[%emt
00:00:20]} a4 {[%clk 00:09:05]} {[%emt 00:00:16]} 37. Ke6 {[%clk 00:10:18]}
{[%emt 00:01:02]} a3 {[%clk 00:09:04]} {[%emt 00:00:11]} 38. Rd2 {[%clk
00:09:51]} {[%emt 00:00:38]} Rb3 {[%clk 00:08:36]} {[%emt 00:00:37]} 39. Ra2
{[%clk 00:08:49]} {[%emt 00:01:12]} Bb2 {[%clk 00:08:17]} {[%emt 00:00:29]} 40.
Kd5 {[%clk 00:08:20]} {[%emt 00:00:39]} c5 {[%clk 00:07:44]} {[%emt 00:00:43]}
41. g4 {[%clk 00:06:55]} {[%emt 00:01:35]} Rd3+ {[%clk 00:07:13]} {[%emt
00:00:36]} 42. Ke6 {[%clk 00:06:42]} {[%emt 00:00:28]} e4 {[%clk 00:07:21]}
{[%emt 00:00:03]} 0-1

[Event "English Schools Championship Final 2024"]
[Site "Nottingham University Kings Meadow Campus, United Kingdom"]
[Date "2024.06.28"]
[Round "4.49"]
[White "Gunarathne, Senith"]
[Black "Laver, Will"]
[Result "1-0"]
[TimeControl "G50' + 10\" per move."]
[WhiteFideId "343104324"]
[WhiteElo "1900"]
[BlackElo "1714"]

1. e4 {[%clk 00:50:19]} g6 {[%clk 00:50:07]} {[%emt 00:00:13]} 2. d4 {[%clk
00:50:17]} {[%emt 00:00:11]} Bg7 {[%clk 00:50:11]} {[%emt 00:00:06]} 3. Nc3
{[%clk 00:50:10]} {[%emt 00:00:18]} d6 {[%clk 00:50:15]} {[%emt 00:00:06]} 4.
Nf3 {[%clk 00:50:02]} {[%emt 00:00:18]} Nf6 {[%clk 00:50:04]} {[%emt 00:00:21]}
5. h3 {[%clk 00:49:50]} {[%emt 00:00:22]} Nbd7 {[%clk 00:49:49]} {[%emt
00:00:25]} 6. Be3 {[%clk 00:49:44]} {[%emt 00:00:15]} b6 {[%clk 00:49:00]}
{[%emt 00:01:00]} 7. Qd2 {[%clk 00:48:49]} {[%emt 00:01:05]} h5 {[%clk
00:48:52]} {[%emt 00:00:18]} 8. Bb5 {[%clk 00:47:29]} {[%emt 00:01:30]} Bb7
{[%clk 00:48:42]} {[%emt 00:00:20]} 9. e5 {[%clk 00:45:21]} {[%emt 00:02:18]}
Ng8 {[%clk 00:43:21]} {[%emt 00:05:31]} 10. e6 {[%clk 00:42:38]} {[%emt
00:02:53]} fxe6 {[%clk 00:42:01]} {[%emt 00:01:30]} 11. Ng5 {[%clk 00:42:44]}
{[%emt 00:00:04]} Bf6 {[%clk 00:41:58]} {[%emt 00:00:13]} 12. Nxe6 {[%clk
00:42:46]} {[%emt 00:00:08]} Qc8 {[%clk 00:42:04]} {[%emt 00:00:03]} 13. Qd3
{[%clk 00:42:37]} {[%emt 00:00:20]} Kf7 {[%clk 00:40:39]} {[%emt 00:01:35]} 14.
Bc4 {[%clk 00:41:56]} {[%emt 00:00:52]} b5 {[%clk 00:35:53]} {[%emt 00:04:55]}
15. Nf4+ {[%clk 00:40:23]} {[%emt 00:01:43]} bxc4 {[%clk 00:35:40]} {[%emt
00:00:23]} 16. Qxg6+ {[%clk 00:40:28]} {[%emt 00:00:05]} Kf8 {[%clk 00:33:29]}
{[%emt 00:02:21]} 17. Ne6# {[%emt 00:01:13]} 1-0

[Event "English Schools Championship Final 2024"]
[Site "Nottingham University Kings Meadow Campus, United Kingdom"]
[Date "2024.06.28"]
[Round "4.50"]
[White "Ahmed, Bilal"]
[Black "Lee, Richard"]
[Result "1/2-1/2"]
[TimeControl "G50' + 10\" per move."]
[WhiteFideId "474207"]
[WhiteElo "1736"]
[BlackElo "1658"]

1. e4 {[%clk 00:50:17]} {[%emt 00:00:02]} c5 {[%clk 00:50:17]} {[%emt
00:00:04]} 2. Nf3 {[%clk 00:50:24]} {[%emt 00:00:03]} e6 {[%clk 00:50:21]}
{[%emt 00:00:06]} 3. d4 {[%clk 00:50:33]} {[%emt 00:00:01]} cxd4 {[%clk
00:50:23]} {[%emt 00:00:07]} 4. Nxd4 {[%clk 00:50:40]} {[%emt 00:00:03]} a6
{[%clk 00:50:28]} {[%emt 00:00:05]} 5. Nc3 {[%clk 00:49:29]} {[%emt 00:01:21]}
b5 {[%clk 00:49:10]} {[%emt 00:01:28]} 6. Be3 {[%clk 00:47:30]} {[%emt
00:02:10]} Bb7 {[%clk 00:47:56]} {[%emt 00:01:24]} 7. f3 {[%clk 00:45:46]}
{[%emt 00:01:54]} Qc7 {[%clk 00:45:28]} {[%emt 00:02:36]} 8. Qd2 {[%clk
00:44:11]} {[%emt 00:01:46]} Nf6 {[%clk 00:38:41]} {[%emt 00:06:58]} 9. O-O-O
{[%clk 00:41:40]} {[%emt 00:02:38]} b4 {[%clk 00:34:16]} {[%emt 00:04:38]} 10.
Nce2 {[%clk 00:41:13]} {[%emt 00:00:36]} d5 {[%clk 00:33:26]} {[%emt 00:01:00]}
11. exd5 {[%clk 00:38:52]} {[%emt 00:02:31]} Bxd5 {[%clk 00:32:05]} {[%emt
00:01:30]} 12. Kb1 {[%clk 00:37:25]} {[%emt 00:01:38]} Nbd7 {[%clk 00:30:29]}
{[%emt 00:01:46]} 13. Nf4 {[%clk 00:30:56]} {[%emt 00:06:39]} Nb6 {[%clk
00:24:29]} {[%emt 00:06:10]} 14. Nb3 {[%clk 00:25:43]} {[%emt 00:05:23]} Bd6
{[%clk 00:18:54]} {[%emt 00:05:45]} 15. Bxb6 {[%clk 00:20:50]} {[%emt
00:05:03]} Qxb6 {[%clk 00:18:47]} {[%emt 00:00:17]} 16. Nxd5 {[%clk 00:20:25]}
{[%emt 00:00:35]} Nxd5 {[%clk 00:18:39]} {[%emt 00:00:16]} 17. Bc4 {[%clk
00:18:59]} {[%emt 00:01:38]} Ne3 {[%clk 00:14:37]} {[%emt 00:04:12]} 18. Qxd6
{[%clk 00:16:56]} {[%emt 00:02:13]} Qxd6 {[%clk 00:14:40]} {[%emt 00:00:07]} 19.
Rxd6 {[%clk 00:17:04]} {[%emt 00:00:02]} Nxc4 {[%clk 00:14:41]} {[%emt
00:00:09]} 20. Rd3 {[%clk 00:15:56]} {[%emt 00:01:18]} Ke7 {[%clk 00:12:42]}
{[%emt 00:02:09]} 21. Rhd1 {[%clk 00:14:04]} {[%emt 00:02:02]} Rhd8 {[%clk
00:10:53]} {[%emt 00:01:58]} 22. Rxd8 {[%clk 00:12:43]} {[%emt 00:01:31]} Rxd8
{[%clk 00:10:58]} {[%emt 00:00:06]} 23. Rxd8 {[%clk 00:12:51]} {[%emt
00:00:02]} Kxd8 {[%clk 00:11:02]} {[%emt 00:00:06]} 24. Nc5 {[%clk 00:12:14]}
{[%emt 00:00:46]} a5 {[%clk 00:10:56]} {[%emt 00:00:17]} 25. b3 {[%clk
00:11:14]} {[%emt 00:01:10]} Ne3 {[%clk 00:10:02]} {[%emt 00:01:03]} 26. Nb7+
{[%clk 00:10:54]} {[%emt 00:00:31]} Kc7 {[%clk 00:09:59]} {[%emt 00:00:12]} 27.
Nxa5 {[%clk 00:11:00]} {[%emt 00:00:05]} Nxg2 {[%clk 00:07:48]} {[%emt
00:02:21]} 28. Nc4 {[%clk 00:09:27]} {[%emt 00:01:43]} f6 {[%clk 00:06:47]}
{[%emt 00:01:11]} 29. Kb2 {[%clk 00:07:27]} {[%emt 00:02:10]} Nh4 {[%clk
00:05:38]} {[%emt 00:01:19]} 30. Nd2 {[%clk 00:07:07]} {[%emt 00:00:30]} h5
{[%clk 00:04:49]} {[%emt 00:00:59]} 31. c3 {[%clk 00:06:31]} {[%emt 00:00:45]}
bxc3+ {[%clk 00:03:53]} {[%emt 00:01:07]} 32. Kxc3 {[%clk 00:06:38]} {[%emt
00:00:03]} g5 {[%clk 00:04:02]} {[%emt 00:00:01]} 33. h3 {[%clk 00:05:07]}
{[%emt 00:01:41]} f5 {[%clk 00:02:31]} {[%emt 00:01:41]} 34. Kd4 {[%clk
00:03:58]} {[%emt 00:01:18]} Ng6 {[%clk 00:02:09]} {[%emt 00:00:33]} 35. a4
{[%clk 00:03:25]} {[%emt 00:00:43]} g4 {[%clk 00:02:03]} {[%emt 00:00:16]} 36.
fxg4 {[%clk 00:03:32]} {[%emt 00:00:03]} hxg4 {[%clk 00:02:07]} {[%emt
00:00:07]} 37. hxg4 {[%clk 00:03:40]} {[%emt 00:00:01]} fxg4 {[%clk 00:01:57]}
{[%emt 00:00:20]} 38. Nf1 {[%clk 00:03:30]} {[%emt 00:00:20]} Kb6 {[%clk
00:01:47]} {[%emt 00:00:19]} 39. b4 {[%clk 00:03:30]} {[%emt 00:00:10]} Ne7
{[%clk 00:01:23]} {[%emt 00:00:35]} 40. Ne3 {[%clk 00:01:49]} {[%emt 00:01:52]}
Nc6+ {[%clk 00:01:12]} {[%emt 00:00:20]} 1/2-1/2